000
00191nam a2200085Ia 4500
008
201216s9999 xx 000 0 und d
100
_a
Wright, C. H.
245
0
_a
Effective deck hand
942
_c
BK
999
_c
6312
_d
6312